| 000 | 00519nam a22001817a 4500 | ||
|---|---|---|---|
| 999 |
_c7561 _d7561 |
||
| 003 | OSt | ||
| 005 | 20211202105757.0 | ||
| 008 | 211202b ||||| |||| 00| 0 eng d | ||
| 040 | _cDDC | ||
| 082 | _a657 OMU 1999 | ||
| 100 |
_aOmonuk, Joseph Ben _915473 |
||
| 245 |
_aFundamental Accounting for Business: _bPractical Emphasis |
||
| 260 |
_aMakerere University : _b Joseph Ben Omonuk; _cc1999 |
||
| 300 |
_aiii,334p; _c28cm. |
||
| 650 |
_aFundamental Accounting. _915474 |
||
| 650 |
_aBusiness. _95310 |
||
| 942 |
_2ddc _cBOOK |
||